Interpret an 3 Songs erkennen #4 - Statistiken

Allgemein
  • Dieses Quiz wurde 220 mal gespielt
  • Das Durchschnittsergebnis liegt bei 9 aus 15
Antwortstatistiken
Songs Interpret % Korrekt
"Au Revoir", "Chöre", "194 Länder" Mark Forster
92%
"I'm Still Standing", "Rocket Man", Tiny Dancer" Elton John
76%
"Halo", "Crazy In Love", "Single Ladies (Pit a Ring on It)" Beyonce
71%
"Lila Wolken", "Kids (2 Finger an den Kopf)", "Niemand bringt Marten um" Marteria
65%
"Forever Young", "Big in Japan", "Sounds Like a Melody" Alphaville
64%
"Eine Woche wach", "Schatzi schenk mir ein Foto", "Geh mal Bier hol'n" Mickie Krause
58%
"Ms. Jackson", "Sommergewitter", "Airwaves" Pashanim
55%
"Losing My Religion", "Everybody Hurts", "Shiny Happy People" R.E.M
55%
"Dynamite", "Break Yur Heart", "Hangover" Taio Cruz
55%
"Low", "Right Round", "Good Feeling" Flo Rida
49%
"Girls Just Want to Have Fun", "Time After Time", "True Colors" Cyndi Lauper
45%
"Euphoria", "Tattoo", "Is It Love" Loreen
45%
"Since U Been Gone", "Because of You", "Stronger (What Doesn't Kill You)" Kelly Clarkson
42%
"Hey, Soul Sister", "Drops of Jupiter (Tell Me), "Drive By" Train
41%
"It Ain't Over 'Til it's Over", "Fly Away", "Are You Gonna Go My Way" Lenny Kravitz
37%
Keine übereinstimmenden Quizze gefunden
Verteilung der Resultate
Anzahl Personen mit jedem Resultat
Perzentil nach korrekt beantworteten Fragen
Ihre Resultats-Entwicklung
Sie haben dieses Quiz noch nicht gespielt